Logo BPK

Biblioteka

Politechniki Koszalińskiej

Bliźni i on : (Rekord nr 56277)

Szczegóły MARC
000 -ETYKIETA REKORDU
podpole kontrolne o stałej długości 00896nam a2200277 i 4500
001 - NUMER KONTROLNY REKORDU
pole kontrolne bg
020 ## - MIĘDZYNARODOWY ZNORMALIZOWANY NUMER KSIĄŻKI - ISBN
ISBN 8360388040
ISBN błędny lub unieważniony 8360388032
040 ## - ŹRÓDŁO KATALOGOWANIA
Instytucja, która utworzyła rekord BPK
041 0# - KOD JĘZYKA
Kod języka tekstu pol
Kod języka streszczenia lub abstraktu eng
044 ## - KOD KRAJU WYDAWCY/PRODUCENTA
Kod kraju wydawcy/producenta POL
080 ## - UNIWERSALNA KLASYFIKACJA DZIESIĘTNA - UKD
UKD 1(44)"19"A/Z
920 ## - Międzynarodowy znormalizowany numer książki – ISBN
ISBN 83-60388-04-0
ISBN błędny lub unieważniony 83-60388-03-2
008 - POLE O STAŁEJ DŁUGOŚCI - DANE KONTROLNE
podpole kontrolne o stałej długości 090506s2008 pl |000 0 pol
100 1# - NAZWA OSOBOWA
Nazwa osobowa Barszczak, Stanisław
Daty związane z nazwą (1961- ).
245 10 - TYTUŁ/ODPOWIEDZIALNOŚĆ
Tytuł Bliźni i on :
Ciąg dalszy tytułu filozofia podmiotu Paula Ricoeura i Emmanuela Levinasa /
Pozostałe elementy strefy tytułu i oznaczenia odpowiedzialności Stanisław Barszczak.
260 ## - STREFA ADRESU WYDAWNICZEGO
Miejsce wydania Częstochowa :
Nazwa wydawcy/dystrybutora [Stanisław Barszczak],
Data publikacji, dystrybucji/powstania dokumentu 2008.
300 ## - STREFA OPISU FIZYCZNEGO
Objętość 368 s. ;
Rozmiary 24 cm.
500 ## - UWAGI OGÓLNE
Tekst uwagi Na s. red. błędny ISBN.
504 ## - UWAGA DOTYCZĄCA BIBLIOGRAFII
Informacje o bibliografii Bibliogr. s. 336-353.
546 ## - UWAGA O JĘZYKU
Uwaga o języku Streszcz. ang.
600 19 - HASŁO PRZEDMIOTOWE W FORMIE NAZWY OSOBOWEJ
Nazwa osobowa Ricoeur, Paul
Daty związane z nazwą (1913-2005)
Określnik ogólny twórczość
600 19 - HASŁO PRZEDMIOTOWE W FORMIE NAZWY OSOBOWEJ
Nazwa osobowa Levinas, Emmanuel
Daty związane z nazwą (1906-1996)
Określnik ogólny twórczość
650 #9 - HASŁO PRZEDMIOTOWE W FORMIE NAZWY OGÓLNEJ LUB JEDNOSTKOWEJ
Nazwa ogólna lub geograficzna Hermeneutyka
Określnik ogólny historia
Określnik geograficzny Francja
Określnik chronologiczny 20 w.
650 #9 - HASŁO PRZEDMIOTOWE W FORMIE NAZWY OGÓLNEJ LUB JEDNOSTKOWEJ
Nazwa ogólna lub geograficzna Religia
Określnik ogólny filozofia
856 ## - LOKALIZACJA I DOSTĘP DO ELEKTRONICZNYCH DOKUMENTÓW ZDALNYCH
Link (URL) http://koha.tu.koszalin.pl/cgi-bin/koha/opac-detail.pl?biblionumber=56277
Tekst linku Katalog online BPK
942 ## - DODATKOWE ELEMENTY (KOHA)
Typ dokumentu Książka
Egzemplarze
Wycofany Status egzemplarza Uszkodzony Dostępność Lokalizacja stała Lokalizacja bieżąca Miejsce przechowywania Sygnatura Kod kreskowy Typ dokumentu
      Dostępny Biblioteka Politechniki Koszalińskiej Biblioteka Politechniki Koszalińskiej Wypożyczalnia BG 90956 02472850 Książka
© 2023 Biblioteka Politechniki Koszalińskiej :: KOHA